| 000 | 00000nam##2200000za#4500 |
| 001 | 9.698614 |
| 003 | CaOODSP |
| 005 | 20210625000017 |
| 007 | cr ||||||||||| |
| 008 | 150407|2009||||xxc|||||o f|0| 0 eng|d |
| 040 | |aCaOODSP|beng |
| 043 | |an-cn--- |
| 086 | 1 |aPS74-3/2009E-PDF |
| 110 | 2 |aCanadian Security Intelligence Service. |
| 245 | 10|aPakistan's security - today and tomorrow : |h[electronic resource]|ba conference of the Canadian Security Intelligence Service jointly sponsored by Canada's departments of Foreign Affairs and International Trade, National Defence and Public Safety / |cConference rapporteur: Johannes Braune. |
| 260 | |aOttawa - Ontario : |bCanadian Security Intelligence Service |c[2009]. |
| 300 | |a44p. |
| 590 | |a13-27-Supp|b2013-11-15 |
| 690 | 07|aInternational security|2gcpds |
| 690 | 07|aSecurity intelligence|2gcpds |
| 775 | 08|tPerspectives d'avenir sur la sécurité du Pakistan : |w(CaOODSP)9.642619 |
| 856 | 40|ahttp://publications.gc.ca|qPDF|s314 KB|uhttps://publications.gc.ca/collections/collection_2013/scrs-csis/PS74-3-2009-eng.pdf |